000
00327nam a2200133Ia 4500
008
200103s9999||||xx |||||||||||||| ||und||
040
_a
IMU-MPC
082
_a
Column-5
100
_a
Admiralty
245
0
_a
Admiralty notices to nariners
250
_a
40th Ed.
260
_b
Admiralty Charts and Publications
_c
2007
942
_c
BK
999
_c
3345
_d
3345